|
|
|
|
| LEADER |
00000nam a2200000 i 4500 |
| 001 |
DIGUCAUCA0126 |
| 003 |
NyNyDIG |
| 006 |
m o d |
| 007 |
cr ||||||||||| |
| 008 |
231007s2021 ck o 000 j spa d |
| 035 |
|
|
|a (OCoLC)1394135170
|
| 040 |
|
|
|a DGITA
|b eng
|e rda
|e pn
|c DGITA
|
| 020 |
|
|
|a 9789587324976
|q digital
|
| 020 |
|
|
|z 9789587324969
|q impreso
|
| 050 |
1 |
4 |
|a PQ8180.43.U42 ebook
|
| 100 |
1 |
|
|a Tulande, Francisco,
|e author.
|
| 245 |
1 |
3 |
|a El último duelo y otras crónicas /
|c Francisco Tulande.
|
| 250 |
|
|
|a Primera edición en español.
|
| 264 |
|
1 |
|a Popayán, Colombia :
|b Editorial Universidad del Cauca,
|c 2021.
|
| 300 |
|
|
|a 1 online resource.
|
| 336 |
|
|
|a text
|b txt
|2 rdacontent
|
| 337 |
|
|
|a computer file
|b c
|2 rdamedia
|
| 338 |
|
|
|a online resource
|b cr
|2 rdacarrier
|
| 347 |
|
|
|a text file
|2 rdaft
|
| 347 |
|
|
|b PDF
|
| 588 |
0 |
|
|a Online resource; title from PDF title page (Digitalia, viewed October 7, 2023)
|
| 655 |
|
7 |
|a Short stories.
|2 lcgft
|
| 776 |
0 |
8 |
|i Print version:
|a Tulande, Francisco.
|t Último duelo y otras crónicas.
|b Primera edición en español.
|d Popayán, Colombia : Editorial Universidad del Cauca, 2021
|z 9789587324969
|
| 791 |
2 |
|
|a Digitalia (Firm),
|e distributor.
|
| 793 |
0 |
|
|g Digitalia eBook Collection:
|a Universidad del Cauca
|
| 856 |
4 |
0 |
|3 Digitalia Hispánica
|u https://www.digitaliapublishing.com/a/129841/
|
| 910 |
|
|
|a Premium collection: 2023
|